| 000 | 00422cam a22001337a 4500 | ||
|---|---|---|---|
| 008 | 180718b1982 xxu||||| |||| 00| 0 eng d | ||
| 082 | _aYA1 F914 | ||
| 245 |
_aMicroelectronics and society: for better or for worse _cedited by Gunter Friedrichs and Adam Schaff |
||
| 260 |
_aOxford _bPergamon _c1982 |
||
| 300 | _a353p. | ||
| 650 | _aMicroelectorincs - Social aspects | ||
| 700 | _aSchaff,Adam | ||
| 700 | _aFriedrichs,Gunter | ||
| 999 |
_c344480 _d344480 |
||